| 000 | 00906 a2200229 4500 | ||
|---|---|---|---|
| 020 | _a058235692X | ||
| 020 | _a9780582356924 | ||
| 082 | 0 | 4 | _a539.7 |
| 090 |
_c490 _d490 |
||
| 100 | 1 | _aBransden, B.H. | |
| 245 | 1 | 0 |
_aPhysics of atoms and molecules / _cB.H. Bransden, C.J. Joachain. |
| 250 | _a2nd ed. | ||
| 260 |
_a[S.l.] : _bBenjamin Cummings, _c2004. |
||
| 300 |
_a1112 p. ; _c24 cm. |
||
| 490 | 1 | _a2nd edition. | |
| 700 | 1 | _aJoachain, C.J. | |
| 830 | 0 | _a2nd edition. | |
| 942 |
_aSNS _cBK _k539.7 BRA |
||
| 999 |
_c29121 _d29121 |
||